Analýza a využitie technológie Representational State Transfer

Salvato in:
Dettagli Bibliografici
Autore principale: Capík, Zdenko, 1985- (Autore)
Altri autori: Polášek, Ivan, 1964- (Relatore della tesi)
Natura: Manoscritto Libro
Lingua:slovacco
Pubblicazione: STU v Bratislave FIIT, 2009
Soggetti:
Tags: Aggiungi Tag
Nessun Tag, puoi essere il primo ad aggiungerne!!

MARC

LEADER 00000ntm a22000003a 4500
001 stu191876
005 20150617230050.5
008 091008s2009----xo------------------slo-d
040 |a STU  |b slo 
041 0 |a slo 
044 |a xo 
100 1 |a Capík, Zdenko,  |d 1985-  |4 aut  |u I200  |U FIIT Fakulta informatiky a informačných technológií  |T FIIT Ústav informatiky a softvérového inžinierstva  |X 17524  |U I200  |Y 179  |7 A000017524 
245 1 |a Analýza a využitie technológie Representational State Transfer 
260 |b STU v Bratislave FIIT,  |c 2009 
300 |a 52 s  |c príl. 
650 7 |a informatika  |2 stusub 
700 1 |a Polášek, Ivan,  |d 1964-  |4 ths  |u I200  |U FIIT Fakulta informatiky a informačných technológií  |T FIIT Ústav informatiky a softvérového inžinierstva  |X 1426  |U I200  |Y 179  |7 1426 
996 |c I*BAP25/09  |l II680  |s P  |a 0  |w stu191876_0001